Southville International School and Colleges
Your cart is empty.
  • Cart
  • Lists
    Public lists Eva Luna New books Lux_list list_1
    Your lists Log in to create your own lists
  • Log in to your account
  • Your cookies
  • Search history
Southville International School and Colleges
  • Advanced search
  • Recent comments
  • Most popular
  • Libraries

Log in to your account

Log in with GOOGLE


If you do not have an external account, but do have a local account, you can still log in:

  1. Home
  2. MARC view: It looked like split milk /
Normal view MARC view ISBD view

It looked like split milk / (Record no. 113503)

[ view plain ]
MARC details
000 -LEADER
fixed length control field 00592nam a2200205 a 4500
001 - CONTROL NUMBER
control field 3590
005 - DATE AND TIME OF LATEST TRANSACTION
control field 20140414132023.0
008 - FIXED-LENGTH DATA ELEMENTS--GENERAL INFORMATION
fixed length control field 040603s19uu xx 00 eng d
020 ## - INTERNATIONAL STANDARD BOOK NUMBER
International Standard Book Number 0-06-443159-2
050 ## - LIBRARY OF CONGRESS CALL NUMBER
Classification number TR
Item number IT5 1947
100 ## - MAIN ENTRY--PERSONAL NAME
Personal name Shaw, Charles G.
245 ## - TITLE STATEMENT
Title It looked like split milk /
Statement of responsibility, etc by Charles G. Shaw.
260 ## - PUBLICATION, DISTRIBUTION, ETC. (IMPRINT)
Place of publication, distribution, etc New York :
Name of publisher, distributor, etc Harper Collins,
Date of publication, distribution, etc 1947.
300 ## - PHYSICAL DESCRIPTION
Extent 1 v.p. : ill. ; cm.
500 ## - GENERAL NOTE
General note TR/PS
520 ## - SUMMARY, ETC.
Summary, etc Sometimes it looked like a spilt milk. But it wasn't spilt milk.
650 ## - SUBJECT ADDED ENTRY--TOPICAL TERM
Topical term or geographic name as entry element Clouds
General subdivision Fiction.
650 ## - SUBJECT ADDED ENTRY--TOPICAL TERM
Topical term or geographic name as entry element Children stories.
Holdings
Withdrawn status Lost status Damaged status Use restrictions Home library Current library Shelving location Date acquired Source of acquisition Total Checkouts Full call number Barcode Date last seen Price effective from Koha item type
        Munich Library Munich Library Teachers Reference Section 06/03/2004     TR IT5 1947 M5081 04/14/2014 04/14/2014 Books

It looked like split milk /

APA

Shaw C. G., . (1947). It looked like split milk. New York: Harper Collins.

Chicago

Shaw Charles G, . 1947. It looked like split milk. New York: Harper Collins.

Harvard

Shaw C. G., . (1947). It looked like split milk. New York: Harper Collins.

MLA

Shaw Charles G, . It looked like split milk. New York: Harper Collins. 1947.

  • Place hold
  • Print
  • Cite
  • Add to your cart (remove)
  • Save record
    BIBTEX Dublin Core MARCXML MARC (non-Unicode/MARC-8) MARC (Unicode/UTF-8) MARC (Unicode/UTF-8, Standard) MODS (XML) RIS
  • More searches
    Search for this title in:
    Other Libraries (WorldCat) Other Databases (Google Scholar) Online Stores (Bookfinder.com) Open Library (openlibrary.org)

Exporting to Dublin Core...

SOUTHVILLE LIBRARY

Southville International School and Colleges Library

1281 Tropical Ave. Cor. Luxembourg St., BF Homes International, Las Pinas City

Tel. No. 8256374 / 252358 Loc. 117/146

Powered by Koha